Statistics for ME! - Taylor Swift (All Lyrics)

Click here to take the quiz!

General Stats

  • This quiz has been taken 27 times
    (12 since last reset)
  • The average score is 399 of 510

Answer Stats

Lyrics% Correct
a
100%
"I"
100%
I
100%
like
100%
Like
100%
Me
100%
"me"
100%
me
100%
me)
100%
no
100%
that
100%
the
100%
you,
100%
You
100%
you
100%
E
89%
(E
89%
e
89%
e,
89%
is
89%
know
89%
on
89%
one
89%
one,
89%
only
89%
promise
89%
all
78%
am
78%
And
78%
(And
78%
and
78%
Baby
78%
Baby,
78%
baby
78%
baby)
78%
baby,
78%
(Baby,
78%
fun
78%
(I'm
78%
I'm
78%
in
78%
it
78%
love
78%
lover
78%
never
78%
not
78%
of
78%
oh)
78%
(Oh)
78%
(Oh
78%
out
78%
rain
78%
that's
78%
there
78%
there)
78%
with
78%
your
78%
another
67%
But
67%
can't
67%
colors
67%
comes
67%
doll,
67%
find
67%
go
67%
gonna
67%
guy
67%
guys
67%
handful,
67%
make
67%
nobody's
67%
(Ooh
67%
ooh)
67%
ooh
67%
others
67%
rainbow
67%
spell
67%
summer
67%
there's
67%
these
67%
things
67%
think
67%
to
67%
uh
67%
when
67%
winter,
67%
without
67%
you'll
67%
You're
67%
you're
67%
about
56%
away
56%
"awesome"
56%
before
56%
chicks
56%
company
56%
cool
56%
jump
56%
keep
56%
kinda
56%
ladies
56%
lame
56%
Livin'
56%
my
56%
"team"
56%
tend
56%
three
56%
two,
56%
walk
56%
want
56%
we
56%
ain't
44%
Girl,
44%
just
44%
leave
44%
Let
44%
lotta
44%
phone
44%
psycho
44%
see
44%
Strike
44%
went
44%
yeah)
44%
(Yeah,
44%
(Yeah),
44%
after
33%
alone
33%
band
33%
bore
33%
called
33%
enough
33%
fight
33%
had
33%
name
33%
ran
33%
up,
33%
wanna
33%
well
33%
what
33%
where
33%
will
33%
'Cause
22%
follow
22%
get
22%
trouble's
22%
ya,
22%

Score Distribution

Percentile by Number Answered

Percent of People with Each Score

Your Score History

You have not taken this quiz since the last reset